Osito
Gespeichert in:
| 1. Verfasser: | |
|---|---|
| Format: | Buch |
| Sprache: | Spanisch |
| Veröffentlicht: |
Santiago
Alfaguara
2001
|
| Ausgabe: | 3a. ed |
| Schriftenreihe: | Colección Infantil
|
| Schlagworte: | |
| Tags: |
Tag hinzufügen
Keine Tags, Fügen Sie den ersten Tag hinzu!
|
MARC
| LEADER | 00000nam a2200000 a 4500 | ||
|---|---|---|---|
| 001 | UCN7584 | ||
| 003 | CL-VaPUC | ||
| 008 | 011018e20010200CL |||||||||||||||||spa|d | ||
| 082 | 0 | 4 | |a 813 |b MIN |2 21 |
| 100 | |a Minarik, Else Holmelund |e autora |9 543679 | ||
| 245 | 1 | 0 | |a Osito |
| 250 | |a 3a. ed | ||
| 300 | |a 61 p | ||
| 942 | |c BK | ||
| 945 | |d 20011018 00:00:00 |a vberengu | ||
| 260 | |a Santiago |b Alfaguara |c 2001 | ||
| 500 | |a Destinado a niños desde 6 años | ||
| 650 | 0 | |a Cuentos infantiles |9 308044 | |
| 650 | 7 | |a LITERATURA INFANTIL ESTADOUNIDENSE |2 CL-VaPUC |9 330335 | |
| 583 | |a last modification |c 20011018 00:00:00 |k Rodrigo Vera | ||
| 490 | 0 | |a Colección Infantil | |
| 999 | |c 297825 |d 297823 | ||
| 952 | |0 0 |1 0 |4 0 |6 813_000000000000000_MIN_2001 |7 0 |8 A |9 352834 |a BIBEDU |b BIBEDU |d 2019-11-21 |i 3758605 |l 1 |o 813 MIN 2001 |p 3758605 |r 2023-10-05 |s 2023-10-03 |w 2019-11-21 |y BK |k CUE | ||